Statistics for Stanley Kubrick by Picture

Click here to take the quiz!

General Stats

  • This quiz has been taken 93 times
  • The average score is 10 of 12

Answer Stats

Answer% Correct
Ludwig van Beethoven
99%
Vietnam
96%
Gladiator
95%
Jack Nicholson
95%
Lolita
93%
Jupiter
89%
Nicole Kidman
88%
Singin' in the Rain
88%
Tablet computer
86%
Overlook Hotel
76%
World War I
75%
Wernher von Braun
24%

Score Distribution

Percentile by Number Answered

Percent of People with Each Score

Your Score History

You have not taken this quiz